Estudio de prefactibilidad del sistema de disposición de aguas servidas de la ciudad de Bagaces
Gorde:
| Egile nagusia: | |
|---|---|
| Formatua: | Liburua |
| Argitaratua: |
San José, Costa Rica
1987
|
| Gaiak: | |
| Etiketak: |
Etiketa erantsi
Etiketarik gabe, Izan zaitez lehena erregistro honi etiketa jartzen!
|
MARC
| LEADER | 00000nam a2200000Ia 4500 | ||
|---|---|---|---|
| 003 | 004459 | ||
| 005 | 20221231144347.0 | ||
| 008 | 140114s1987 cr a m 000 ||s d | ||
| 040 | |c cru CEDI | ||
| 090 | |a TFG 2049 | ||
| 100 | |a Chaves Arias, Omar Alfonso |9 13763 | ||
| 245 | |a Estudio de prefactibilidad del sistema de disposición de aguas servidas de la ciudad de Bagaces | ||
| 260 | |c 1987 |a San José, Costa Rica | ||
| 300 | |a ii, 94 hojas : ilustraciones (algunas plegables) ; 27 cm | ||
| 500 | |a Proyecto de graduacion (licenciatura en ingeniería civil)--Universidad de Costa Rica. Facultad de Ingeniería. Escuela de Ingeniería Civil | ||
| 650 | |x DISPOSICION DE AGUAS RESIDUALES - BAGACES (GUANACASTE, COSTA RICA) |x AGUAS RESIDUALES |9 13764 | ||
| 942 | |c TFG |2 ddc | ||
| 999 | |c 20716 |d 20716 | ||
